Normal view
MARC view
Entry Personal Name
001 - CONTROL NUMBER
- control field: 6883
003 - CONTROL NUMBER IDENTIFIER
- control field: ARRUPE
005 - DATE AND TIME OF LATEST TRANSACTION
- control field: 20140122104849.0
008 - FIXED-LENGTH DATA ELEMENTS
- fixed length control field: 140122|| aca||aabn | a|a d
040 ## - CATALOGING SOURCE
- Original cataloging agency: ARRUPE
- Transcribing agency: ARRUPE
100 ## - HEADING--PERSONAL NAME
- Personal name: Torney-Purta, Judith (ed)
670 ## - SOURCE DATA FOUND
- Source citation: Work cat.: (ARRUPE): Torney-Purta, Judith (ed), Civic education across countries, 1999